Chữa lành nỗi đau : Phương thuốc diệu kỳ để chữa lành những nỗi đau và tổn thương tinh thần = You can heal your life
Những lời khuyên bổ ích giúp bạn có thêm sức mạnh và niềm tin trong cuộc sống; giúp bạn thoát khỏi những nỗi đau và tổn thương tinh thần
Gorde:
| Egile nagusia: | |
|---|---|
| Formatua: | Liburua |
| Hizkuntza: | Undetermined |
| Argitaratua: |
Thành phố Hồ Chí Minh
Trẻ
2013
|
| Gaiak: | |
| Etiketak: |
Etiketa erantsi
Etiketarik gabe, Izan zaitez lehena erregistro honi etiketa jartzen!
|
| Thư viện lưu trữ: | Trung tâm Học liệu Trường Đại học Cần Thơ |
|---|
| LEADER | 00997nam a2200217Ia 4500 | ||
|---|---|---|---|
| 001 | CTU_193664 | ||
| 008 | 210402s9999 xx 000 0 und d | ||
| 020 | |c 34000 | ||
| 082 | |a 158 | ||
| 082 | |b H412 | ||
| 100 | |a Hay, Louise L. | ||
| 245 | 0 | |a Chữa lành nỗi đau : | |
| 245 | 0 | |b Phương thuốc diệu kỳ để chữa lành những nỗi đau và tổn thương tinh thần = You can heal your life | |
| 245 | 0 | |c Louise L. Hay ; Minh Uyên, Thế Lâm (Biên dịch) | |
| 260 | |a Thành phố Hồ Chí Minh | ||
| 260 | |b Trẻ | ||
| 260 | |c 2013 | ||
| 520 | |a Những lời khuyên bổ ích giúp bạn có thêm sức mạnh và niềm tin trong cuộc sống; giúp bạn thoát khỏi những nỗi đau và tổn thương tinh thần | ||
| 650 | |a Self-actualization (Psychology),Tự hiện thực (Tâm lý học) | ||
| 910 | |a Hải | ||
| 980 | |a Trung tâm Học liệu Trường Đại học Cần Thơ | ||